Surveying, theory and practice (Record no. 6091)

000 -LEADER
fixed length control field 00661nam a2200241 i 4500
001 - CONTROL NUMBER
control field 6091
003 - CONTROL NUMBER IDENTIFIER
control field BD-DhUET
008 - FIXED-LENGTH DATA ELEMENTS--GENERAL INFORMATION
fixed length control field 800501s1981 nyua b 001 0 eng
020 ## - INTERNATIONAL STANDARD BOOK NUMBER
International Standard Book Number 0070157901
040 ## - CATALOGING SOURCE
Original cataloging agency DLC
Transcribing agency DLC
Modifying agency BD-DhUET
082 ## - DEWEY DECIMAL CLASSIFICATION NUMBER
Classification number 526.9
Item number DAV/1981
100 ## - MAIN ENTRY--PERSONAL NAME
Personal name Davis , Raymond E.
245 00 - TITLE STATEMENT
Title Surveying, theory and practice
Statement of responsibility, etc. by Raymond E. Davis ... [et al.]
250 ## - EDITION STATEMENT
Edition statement 6th ed
260 ## - PUBLICATION, DISTRIBUTION, ETC. (IMPRINT)
Place of publication, distribution, etc. New York
Name of publisher, distributor, etc. McGraw-Hill
Date of publication, distribution, etc. 1981
300 ## - PHYSICAL DESCRIPTION
Extent xv, 992 p.
Other physical details ill.
Dimensions 24 cm
504 ## - BIBLIOGRAPHY, ETC. NOTE
Bibliography, etc Includes bibliographies
650 #0 - SUBJECT ADDED ENTRY--TOPICAL TERM
Topical term or geographic name as entry element Surveying
700 ## - ADDED ENTRY--PERSONAL NAME
Personal name Foote , Francies S.
700 ## - ADDED ENTRY--PERSONAL NAME
Personal name Anderson , James M.
700 ## - ADDED ENTRY--PERSONAL NAME
Personal name Mikhali , Edward M.
942 ## - ADDED ENTRY ELEMENTS (KOHA)
Koha item type General Book
Holdings
Shelving location Damaged status Piece designation (barcode) Koha full call number Date acquired Koha normalized classification for sorting Lost status Sublocation or collection (holding branch) Not for loan Withdrawn status Location (home branch) Price effective from Koha item type Source of classification or shelving scheme Koha date last seen Copy number
Circulation section 55518526.9/DAV/19812014-11-30526_900000000000000_DAV_1981 Central Library, BUET  Central Library, BUET2014-11-30General Book 2014-11-301